000
00266nam a2200121 a 4500
005
20140414132008.0
008
110223s19uu xx 00 eng d
050
_a
VCD
_b
SO8
245
_a
The sound of music.
650
_a
Music
999
_c
113208
_d
113208